Zvukové nahrávky
Uloženo v:
LEADER 02574njm a2200685 a 4500
001 000297023
003 CZ BrMZK
005 79950101143423.0
008 950101s1997 xr f cze d
028 0 3 |a 71 0588-4  |b Bonton Music 
040 |a BOA001  |b cze 
080 |a 784.4(086.7)  |2 MRF 
100 1 |a Matuška, Waldemar,  |d 1932-2009  |7 jk01080863  |4 prf 
245 1 0 |a Waldemar Matuška a jeho 23 Suvenýrů  |h [zvukový záznam] /  |c Waldemar Matuška. 
246 3 3 |a Sedm dostavníků 
246 3 3 |a Souvenirs 
246 3 3 |a Tisíc mil 
246 3 3 |a To se nikdo nedoví 
246 3 3 |a Třistapětašedesátkrát 
246 3 3 |a Už modrej činžák zhas 
246 3 3 |a Veronika 
246 3 3 |a Žít, jen žít 
246 3 3 |a Červencové ráno 
246 3 3 |a Čtyři koňský kopyta 
246 3 |a 365krát 
246 3 2 |a A tak dál nosíš po kapsách sny mládí 
246 3 3 |a Až se můj čas ponachýlí 
246 3 3 |a Barborka 
246 3 3 |a Holky já mám všechny rád 
246 3 3 |a Jen se s písničkou smát 
246 3 3 |a Jezabel 
246 3 3 |a Já bych si rád najal dům 
246 3 3 |a Já si vsadil na pár tónů 
246 3 3 |a Láska je lék 
246 3 3 |a My jsme ti kluci akorát 
246 3 3 |a Mě zmáhá hic 
246 3 3 |a Píseň pro Kristýnku 
246 3 3 |a Ráno 
260 |a Praha :  |b Bonton Music,  |c p1960-1974, p1997 
300 |a 1 MC :  |b Dolby systém +  |e 1 složený list. 
500 |a Durata neuv 
500 |a Nahr. neuv 
505 2 |a Souvenirs, Píseň pro Kristýnku, Už modrej činžák zhas...[et al.] 
653 0 |a evergreeny  |a populární hudba  |a populární písně 
700 1 |a Vondráčková, Helena,  |d 1947-  |7 jn19990210804  |4 prf 
700 1 |a Hybš, Václav,  |d 1935-2026  |7 jn19990209281  |4 cnd 
700 1 |a Kubišová, Marta,  |d 1942-  |7 jn19990209439  |4 prf 
700 1 |a Vobruba, Josef,  |d 1932-1982  |7 jn19990010024  |4 cnd 
710 2 |a Orchestr Karla Krautgartnera  |7 ko2003171956  |4 prf 
710 2 |a Orchestr Karla Vlacha  |7 kn20010710270  |4 prf 
710 2 |a Orchestr Václava Hybše  |7 ko2002147950  |4 prf 
710 2 |a Sbor Lubomíra Pánka  |7 ko2001100004  |4 prf 
710 2 |a Taneční orchestr Československého rozhlasu Praha  |7 ko2002102437  |4 prf 
710 2 |a Mefisto (hudební skupina)  |7 ko2002149714  |4 prf 
710 2 |a Orchestr Dalibora Brázdy  |7 ko2004245947  |4 prf 
710 2 |a Orchestr Gustava Broma  |7 kn20010710268  |4 prf 
910 |a BOA001  |b KZ-0001.870 
964 |a Hudba populární  |x MC 
990 |a AV 
996 6 |b 261H006215  |c KZ-0001.870  |l MZK  |r Sklad / do 24 hodin  |n 0  |p p.v.  |w 000297023  |u 000010  |a 1  |e BOA001  |j MZK50  |s P